000 00512nam a2200181Ia 4500
001 21261
005 20260306172906.0
008 260306t2023||||xx |||||||||||||| ||spa||
041 _aESP
082 _a344.51
_bG88
100 _aGuevara Vásquez, Iván Pedro,
_eAUT
245 0 _aDelitos contra la vida, el cuerpo y la salud :
_bcomentarios, artículo por artículo, del Código Penal
260 _c2023
300 _a719 páginas :
_c26 cm.
650 _aGEN
654 _aCDE
942 _cLIB
_dJUS
_fJUS
_2ddc
_n
999 _c21261
_d21261